| 000 | 01392cam a2200373 a 4500 | ||
|---|---|---|---|
| 001 | 16275792 | ||
| 003 | PILC | ||
| 005 | 20160114123547.0 | ||
| 008 | 100610s2010 nyu c 000 1 eng | ||
| 010 | _a 2010015469 | ||
| 020 | _a9781423142652 | ||
| 040 |
_aDLC _cDLC _dDLC |
||
| 042 |
_alcac _apcc |
||
| 050 | 0 | 0 |
_aPZ 7.R4829 _b.R585 2010 |
| 082 |
_aFIC _bR47 2010 |
||
| 100 | 1 |
_aRiordan, Rick. _918585 |
|
| 245 | 1 | 4 |
_aThe lost hero _cRick Riordan |
| 250 | _a1st ed. | ||
| 260 |
_aNew York : _bDisney/Hyperion Books, _cc2010. |
||
| 300 |
_a553 p. ; _c22 cm. |
||
| 490 | 0 |
_aHeroes of Olympus ; _vbk. 1 |
|
| 520 | _aJason, Piper, and Leo, three students from a school for "bad kids," find themselves at Camp Half-Blood, where they learn that they are demigods and begin a quest to free Hera, who has been imprisoned by Mother Earth herself. | ||
| 650 | 0 |
_aMythology, Greek _vJuvenile fiction. _920656 |
|
| 650 | 1 |
_aMythology, Greek _vFiction. _920657 |
|
| 650 | 1 |
_aCamps _vFiction. _920658 |
|
| 650 | 1 |
_aHera (Greek deity) _vFiction. _920659 |
|
| 650 | 1 |
_aGaia (Greek deity) _vFiction. _920660 |
|
| 650 | 1 |
_aMonsters _vFiction. _920661 |
|
| 856 | 4 | 2 |
_3Publisher description _uhttp://www.loc.gov/catdir/enhancements/fy1010/2010015469-d.html |
| 906 |
_a7 _bcbc _corignew _d1 _eecip _f20 _gy-gencatlg |
||
| 942 |
_2lcc _cBK |
||
| 999 |
_c11576 _d11576 |
||